| 000 | 00422nam a2200169Ia 4500 | ||
|---|---|---|---|
| 003 | GCL | ||
| 008 | 140319s9999 xx 000 0 eng d | ||
| 040 |
_aGCL / _cGCL |
||
| 082 | 0 | 4 |
_a741.235 _bF P |
| 100 | 1 | _aFROST, DENNIS | |
| 245 | 1 | 0 |
_aPORTRAITS IN PASTEL / _cFROST, DENNIS |
| 260 |
_a[S.N] : _bSEARCH PRESS ، _c1992 |
||
| 300 | _a32 | ||
| 650 | 0 | 4 | _aDRAWING |
| 650 | 0 | 4 | _aPASTEL DRAWING TECHNIQUE |
| 942 |
_2ddc _cBK |
||
| 999 |
_c24400 _d24400 |
||